Loading...
| Mythology | 0 | 4 | 0 | 2 | 40 | 48 | 75.75 | 0 | 2 | 0.00 | 0.00 |
| Social Science | 0 | 4 | 0 | 1 | 40 | 54 | 80.25 | 0 | 2 | 0.00 | 0.00 |
| History - European | 0 | 4 | 2 | 0 | 30 | 13 | 45.75 | 0 | 4 | 0.00 | 0.00 |
| Literature - American | 0 | 2 | 0 | 0 | 20 | 65 | 90.00 | 0 | 1 | 0.00 | 0.00 |
| Fine Arts - Classical Music | 0 | 2 | 0 | 0 | 20 | 64 | 66.50 | 0 | 2 | 0.00 | 0.00 |
| History - American | 0 | 2 | 1 | 2 | 15 | 70 | 70.50 | 0 | 0 | 0.00 | 0.00 |
| History - Other | 0 | 2 | 2 | 1 | 10 | 11 | 55.00 | 1 | 1 | 0.00 | 0.00 |
| Pop Culture | 0 | 1 | 0 | 0 | 10 | 73 | 73.00 | 0 | 0 | 0.00 | 0.00 |
| Current Events | 0 | 1 | 0 | 0 | 10 | 84 | 84.00 | 1 | 1 | 0.00 | 0.00 |
| Literature - British | 0 | 1 | 0 | 0 | 10 | 89 | 89.00 | 0 | 0 | 0.00 | 0.00 |
| Geography | 0 | 1 | 0 | 1 | 10 | 118 | 118.00 | 0 | 0 | 0.00 | 0.00 |
| Painting/Sculpture | 0 | 1 | 1 | 0 | 5 | 93 | 93.00 | 0 | 0 | 0.00 | 0.00 |
| Religion | 0 | 1 | 1 | 0 | 5 | 91 | 91.00 | 0 | 0 | 0.00 | 0.00 |
| Science - Chemistry | 0 | 0 | 0 | 0 | 0 | 0.00 | 0 | 0 | 0.00 | 0.00 | |
| Fine Arts - Other | 0 | 0 | 1 | 0 | -5 | 0.00 | 0 | 0 | 0.00 | 0.00 | |
| Science - Physics | 0 | 0 | 1 | 0 | -5 | 0.00 | 0 | 0 | 0.00 | 0.00 | |
| History - World | 0 | 1 | 3 | 0 | -5 | 80 | 80.00 | 0 | 1 | 0.00 | 0.00 |